000 01887nam a2200529 i 4500
001 1822
003 KOSZ 005
005 20220318103034.0
008 220318s1980 pl a f 000 0 pol
015 _aUWD 1980/7700
020 _a8301009314
020 _a8301009322
035 _a991013625359705066
035 _a(PL-WaBN)b13668742-48omnis_nlop
035 _ab13668742
035 _a(OCoLC)749642198
035 _a(PL)b0000001366874
035 _a(EXLNZ-48OMNIS_NETWORK)9910000395605606
040 _aWA N
_cWA N
_dKOSZ 005/RW
046 _k1980
080 _a624.04
080 _a(075.8)
100 1 _aDyląg, Zdzisław
_d(1923-2015)
_eAutor
245 1 0 _aMechanika budowli.
_nT. 1 /
_cZdzisław Dyląg, Eugenia Krzemińska-Niemiec, Franciszek Filip.
250 _aWydanie 3 poprawione i uzupełnione.
260 _aWarszawa :
_bPaństwowe Wydawnictwo Naukowe,
_c1980.
300 _aXI, [1], 660, [3] stron, [2] karty tablic :
_bilustracje, wykresy ;
_c24 cm.
336 _aTekst
_btxt
_2rdacontent
337 _aBez urządzenia pośredniczącego
_bn
_2rdamedia
338 _aWolumin
_bnc
_2rdacarrier
380 _aKsiążki
380 _aPublikacje dydaktyczne
385 _mPoziom nauczania
_aSzkoły wyższe
388 1 _a1901-2000
388 1 _a1945-1989
504 _aBibliografia na stronach 659-[661].
521 8 _aPodręcznik dla studentów wyższych szkół technicznych.
650 7 _aMechanika budowli
_2DBN
655 7 _aPodręczniki akademickie
_2DBN
658 _aArchitektura i budownictwo
700 1 _aFilip, Franciszek
_eAutor
700 1 _aKrzemińska-Niemiec, Eugenia
_eAutor
710 2 _aPaństwowe Wydawnictwo Naukowe
_4pbl
856 _uhttp://koha.tu.koszalin.pl/cgi-bin/koha/opac-detail.pl?biblionumber=1822
_yKatalog online BPK
942 _2UKD
_cKS
999 _c1822
_d1822